[Event "Eurasia Open Cup 2019"]
[Site "Ekaterinburg"]
[Date "2019.08.02"]
[Round "3.43"]
[White "Dubnikova, Anastasia"]
[Black "Odegov, Artem"]
[Result "0-1"]
[WhiteElo "1991"]
[BlackElo "2261"]
[Annotator "NA"]
[PlyCount "72"]
[EventDate "2019.07.31"]
[EventType "swiss"]
[EventCountry "RUS"]
[SourceTitle "playchess.com"]
[Source "ChessBase"]
[SourceQuality "1"]
[TimeControl "5400+30"]

1. d4 {[%emt 0:00:00]} Nf6 {[%emt 0:00:00]} 2. c4 {[%emt 0:00:00]} c5 {[%emt 0:00:00]} 3. d5 {[%emt 0:00:00]} e6 {[%emt 0:00:00]} 4. Nc3 {[%emt 0:00:00]} exd5 {[%emt 0:00:00]} 5. cxd5 {[%emt 0:00:00]} d6 {[%emt 0:00:00]} 6. Nf3 {[%emt 0:00:03]} g6 {[%emt 0:00:01]} 7. Bf4 {[%emt 0:00:00]} Bg7 {[%emt 0:00:35]} 8. Qa4+ {[%emt 0:00:19]} Bd7 {[%emt 0:01:05]} 9. Qb3 {[%emt 0:00:06]} b5 {[%emt 0:02:07]} 10. Nxb5 {[%emt 0:00:08]} Bxb5 {[%emt 0:01:34]} 11. Qxb5+ {[%emt 0:10:15]} Nbd7 {[%emt 0:00:04]} 12. g3 {[%emt 0:00:08]} Rb8 {[%emt 0:00:01]} 13. Qd3 {[%emt 0:10:27]} Rxb2 {[%emt 0:14:06]} 14. Bg2 {[%emt 0:00:45]} Nb6 {[%emt 0:10:06]} 15. Nd2 {[%emt 0:03:01]} Nh5 {[%emt 0:09:17]} 16. Qe4+ {[%emt 0:11:15]} Kf8 {[%emt 0:14:59]} 17. O-O {[%emt 0:21:17]} Rb4 {[%emt 0:01:14]} 18. Qe3 {[%emt 0:03:11]} Nxf4 {[%emt 0:02:01]} 19. gxf4 {[%emt 0:00:41]} Bxa1 {[%emt 0:00:57]} 20. Rxa1 {[%emt 0:00:08]} Qf6 {[%emt 0:00:33]} 21. Rd1 {[%emt 0:00:10]} Qxf4 {[%emt 0:00:21]} 22. Qc3 {[%emt 0:00:45]} Qd4 {[%emt 0:09:03]} 23. Qg3 {[%emt 0:00:08]} Nc4 {[%emt 0:00:26]} 24. a3 {[%emt 0:01:02]} Rb6 {[%emt 0:02:12]} 25. e3 {[%emt 0:04:50]} Qc3 {[%emt 0:09:10]} 26. Ne4 {[%emt 0:03:07]} Qe5 {[%emt 0:00:18]} 27. Qh4 {[%emt 0:03:11]} Qe7 {[%emt 0:02:26]} 28. Qh6+ {[%emt 0:04:28]} Kg8 {[%emt 0:05:13]} 29. h4 {[%emt 0:00:27]} f5 {[%emt 0:00:57]} 30. Nxc5 {[%emt 0:06:20]} dxc5 {[%emt 0:03:41]} 31. d6 {[%emt 0:05:48]} Nxd6 {[%emt 0:02:53]} 32. Bd5+ {[%emt 0:00:04]} Nf7 {[%emt 0:01:10]} 33. Bc4 {[%emt 0:00:10]} g5 {[%emt 0:00:03]} 34. Qh5 {[%emt 0:01:30]} Rg6 {[%emt 0:06:01]} 35. Kf1 {[%emt 0:00:03]} Kg7 {[%emt 0:00:27]} 36. Qf3 {[%emt 0:00:33]} Qe4 {[%emt 0:01:08]} 0-1

[Event "Eurasia Open Cup 2019"]
[Site "Ekaterinburg"]
[Date "2019.08.02"]
[Round "3.44"]
[White "Zasukhin, Vadim"]
[Black "Mamontova, Anastasia"]
[Result "1-0"]
[WhiteElo "2249"]
[BlackElo "1989"]
[Annotator "NA"]
[PlyCount "73"]
[EventDate "2019.07.31"]
[EventType "swiss"]
[EventCountry "RUS"]
[SourceTitle "playchess.com"]
[Source "ChessBase"]
[SourceQuality "1"]
[TimeControl "5400+30"]

1. e4 {[%emt 0:00:00]} c6 {[%emt 0:14:26]} 2. d4 {[%emt 0:00:00]} d5 {[%emt 0:00:21]} 3. Nc3 {[%emt 0:00:00]} dxe4 {[%emt 0:00:15]} 4. Nxe4 {[%emt 0:00:00]} Nd7 {[%emt 0:00:16]} 5. Bc4 {[%emt 0:00:31]} Ngf6 {[%emt 0:04:00]} 6. Nxf6+ {[%emt 0:01:07]} Nxf6 {[%emt 0:00:32]} 7. c3 {[%emt 0:00:00]} e6 {[%emt 0:03:06]} 8. Nf3 {[%emt 0:01:31]} Bd6 {[%emt 0:02:56]} 9. O-O {[%emt 0:00:10]} Qc7 {[%emt 0:02:26]} 10. Qe2 {[%emt 0:00:25]} O-O {[%emt 0:10:40]} 11. Bg5 {[%emt 0:00:31]} Nd5 {[%emt 0:02:09]} 12. Rfd1 {[%emt 0:00:35]} Rb8 {[%emt 0:07:31]} 13. Bb3 {[%emt 0:01:36]} b5 {[%emt 0:05:28]} 14. Rac1 {[%emt 0:02:34]} c5 {[%emt 0:16:33]} 15. dxc5 {[%emt 0:01:26]} Qxc5 {[%emt 0:00:50]} 16. Qe4 {[%emt 0:02:25]} Bb7 {[%emt 0:06:31]} 17. Bc2 {[%emt 0:01:19]} g6 {[%emt 0:02:14]} 18. Qh4 {[%emt 0:00:35]} f6 {[%emt 0:01:00]} 19. Bh6 {[%emt 0:01:44]} Rf7 {[%emt 0:00:44]} 20. Bb3 {[%emt 0:01:05]} g5 {[%emt 0:05:14]} 21. Qd4 {[%emt 0:04:47]} Qc7 {[%emt 0:04:16]} 22. h4 {[%emt 0:02:46]} Bc5 {[%emt 0:00:55]} 23. Qg4 {[%emt 0:02:25]} f5 {[%emt 0:03:36]} 24. Qxg5+ {[%emt 0:03:48]} Kh8 {[%emt 0:00:05]} 25. Qd2 {[%emt 0:07:52]} Rg8 {[%emt 0:00:41]} 26. Kf1 {[%emt 0:00:19]} Rg6 {[%emt 0:02:08]} 27. h5 {[%emt 0:07:12]} Rg4 {[%emt 0:01:07]} 28. Bc2 {[%emt 0:07:11]} e5 {[%emt 0:02:20]} 29. Bb3 {[%emt 0:04:10]} Rd7 {[%emt 0:00:09]} 30. Ng5 {[%emt 0:02:47]} Ne3+ {[%emt 0:01:08]} 31. fxe3 {[%emt 0:00:00]} Rxd2 {[%emt 0:00:43]} 32. Rxd2 {[%emt 0:00:00]} Rxg5 {[%emt 0:01:00]} 33. Bxg5 {[%emt 0:00:14]} Be7 {[%emt 0:00:17]} 34. Bxe7 {[%emt 0:02:17]} Qxe7 {[%emt 0:00:00]} 35. Rcd1 {[%emt 0:00:12]} Bc6 {[%emt 0:01:12]} 36. h6 {[%emt 0:00:16]} Be8 {[%emt 0:00:27]} 37. Rd8 {[%emt 0:00:12]} 1-0

[Event "Eurasia Open Cup 2019"]
[Site "Ekaterinburg"]
[Date "2019.08.02"]
[Round "3.45"]
[White "Morgachev, Sergey"]
[Black "Akhtariev, Andrey"]
[Result "1-0"]
[WhiteElo "1965"]
[BlackElo "2243"]
[Annotator "NA"]
[PlyCount "117"]
[EventDate "2019.07.31"]
[EventType "swiss"]
[EventCountry "RUS"]
[SourceTitle "playchess.com"]
[Source "ChessBase"]
[SourceQuality "1"]
[TimeControl "5400+30"]

1. d4 {[%emt 0:00:00]} Nf6 {[%emt 0:00:20]} 2. c4 {[%emt 0:00:00]} e6 {[%emt 0:00:05]} 3. g3 {[%emt 0:00:00]} Bb4+ {[%emt 0:00:20]} 4. Bd2 {[%emt 0:00:15]} Qe7 {[%emt 0:00:00]} 5. Nf3 {[%emt 0:00:15]} Nc6 {[%emt 0:00:06]} 6. Nc3 {[%emt 0:00:20]} O-O {[%emt 0:01:01]} 7. Bg2 {[%emt 0:00:21]} d6 {[%emt 0:00:46]} 8. O-O {[%emt 0:01:17]} a5 {[%emt 0:00:15]} 9. Qc2 {[%emt 0:09:46]} h6 {[%emt 0:12:54]} 10. e4 {[%emt 0:14:02]} Bxc3 {[%emt 0:02:30]} 11. Bxc3 {[%emt 0:00:33]} e5 {[%emt 0:00:05]} 12. d5 {[%emt 0:04:33]} Nb4 {[%emt 0:06:49]} 13. Qb1 {[%emt 0:13:19]} Na6 {[%emt 0:06:43]} 14. Nd2 {[%emt 0:03:53]} Nc5 {[%emt 0:01:56]} 15. b3 {[%emt 0:04:52]} Nh7 {[%emt 0:06:03]} 16. f4 {[%emt 0:05:23]} exf4 {[%emt 0:01:29]} 17. gxf4 {[%emt 0:03:45]} f5 {[%emt 0:01:04]} 18. e5 {[%emt 0:02:56]} dxe5 {[%emt 0:02:45]} 19. fxe5 {[%emt 0:01:07]} Nf6 {[%emt 0:06:06]} 20. e6 {[%emt 0:09:54]} g6 {[%emt 0:01:40]} 21. Qe1 {[%emt 0:01:26]} Ra6 {[%emt 0:07:41]} 22. Qg3 {[%emt 0:04:00]} Kh7 {[%emt 0:00:51]} 23. Bd4 {[%emt 0:10:21]} b6 {[%emt 0:07:14]} 24. Rae1 {[%emt 0:02:30]} Bb7 {[%emt 0:03:00]} 25. Qc3 {[%emt 0:01:22]} Raa8 {[%emt 0:01:22]} 26. a3 {[%emt 0:03:31]} Rae8 {[%emt 0:06:14]} 27. b4 {[%emt 0:01:32]} axb4 {[%emt 0:00:19]} 28. axb4 {[%emt 0:00:11]} Nce4 {[%emt 0:00:14]} 29. Nxe4 {[%emt 0:00:22]} Nxe4 {[%emt 0:00:11]} 30. Bxe4 {[%emt 0:01:03]} fxe4 {[%emt 0:00:04]} 31. Bf6 {[%emt 0:00:46]} Qd6 {[%emt 0:00:07]} 32. Be5 {[%emt 0:01:02]} Qe7 {[%emt 0:04:10]} 33. Bf6 {[%emt 0:00:47]} Qd6 {[%emt 0:00:13]} 34. b5 {[%emt 0:00:25]} Ra8 {[%emt 0:03:20]} 35. Qe5 {[%emt 0:00:34]} Qc5+ {[%emt 0:00:48]} 36. Qd4 {[%emt 0:00:36]} Rxf6 {[%emt 0:10:59]} 37. Qxc5 {[%emt 0:00:05]} Rxf1+ {[%emt 0:00:02]} 38. Rxf1 {[%emt 0:00:12]} bxc5 {[%emt 0:00:04]} 39. Rf7+ {[%emt 0:00:12]} Kg8 {[%emt 0:00:03]} 40. Rxc7 {[%emt 0:00:21]} Bc8 {[%emt 0:00:24]} 41. Rxc5 {[%emt 0:01:39]} Kg7 {[%emt 0:00:08]} 42. Rc7+ {[%emt 0:00:29]} Kf6 {[%emt 0:00:04]} 43. e7 {[%emt 0:00:32]} Bh3 {[%emt 0:03:49]} 44. Kf2 {[%emt 0:00:33]} Kf7 {[%emt 0:00:16]} 45. Ke3 {[%emt 0:00:13]} Bf5 {[%emt 0:00:14]} 46. b6 {[%emt 0:00:31]} Ra3+ {[%emt 0:00:47]} 47. Kd4 {[%emt 0:00:21]} Rd3+ {[%emt 0:00:17]} 48. Kc5 {[%emt 0:00:36]} Rb3 {[%emt 0:00:34]} 49. Ra7 {[%emt 0:00:25]} e3 {[%emt 0:00:04]} 50. d6 {[%emt 0:00:37]} Bg4 {[%emt 0:00:14]} 51. Ra8 {[%emt 0:00:30]} Bd7 {[%emt 0:02:15]} 52. Rf8+ {[%emt 0:00:21]} Ke6 {[%emt 0:00:47]} 53. e8=Q+ {[%emt 0:00:06]} Bxe8 {[%emt 0:00:03]} 54. Rxe8+ {[%emt 0:00:24]} Kd7 {[%emt 0:00:04]} 55. Re7+ {[%emt 0:00:03]} Kd8 {[%emt 0:00:02]} 56. Kc6 {[%emt 0:00:08]} Rb4 {[%emt 0:00:04]} 57. c5 {[%emt 0:00:11]} Rb3 {[%emt 0:00:27]} 58. b7 {[%emt 0:00:22]} g5 {[%emt 0:00:19]} 59. Rxe3 {[%emt 0:00:30]} 1-0

[Event "Eurasia Open Cup 2019"]
[Site "Ekaterinburg"]
[Date "2019.08.03"]
[Round "4.1"]
[White "Khismatullin, Denis"]
[Black "Moiseenko, Vadim"]
[Result "1-0"]
[WhiteElo "2618"]
[BlackElo "2523"]
[Annotator "TA"]
[PlyCount "71"]
[EventDate "2019.07.31"]
[EventType "swiss"]
[EventCountry "RUS"]
[SourceTitle "playchess.com"]
[Source "ChessBase"]
[SourceQuality "1"]

{[%evp 9,87,21,33,43,40,-4,0,-6,-5,-7,-4,-4,21,14,12,11,20,17,16,0,14,8,36,41,30,33,65,21,129,127,130,115,118,115,177,114,181,179,200,77,53,50,57,54,48,40,42,41,148,150,133,140,158,153,168,147,185,127,181,163,183,179,177,136,664,500,640,500,488,487,897,891,871,481,477,481,472,472,479,494]} 1. c4 e5 2. Nc3 Bb4 3. Nd5 a5 4. a3 Be7 5. Nf3 (5. d4 d6 6. e4 Nf6 7. Nxe7 Qxe7 8. f3 Nfd7 9. Ne2 O-O 10. d5 Nc5 11. Be3 f5 12. Nc3 fxe4 13. Bxc5 dxc5 14. Nxe4 {½-½ (35) Matlakov,M (2700)-Yu,Y (2764) Caleta 2019}) 5... c6 6. Nc3 {A21: English Opening: 1...e5 2 Nc3} d6 7. g3 f5 $146 ({Predecessor:} 7... Nf6 8. d3 O-O 9. Bg2 Re8 10. O-O Bf8 11. Bg5 Nbd7 12. b4 {0-1 (51) Kazhgaleyev,M (2643)-Bezgodov,A (2490) Moscow 2010}) 8. Bg2 {The position is equal.} Nf6 9. O-O O-O 10. d3 Kh8 11. Bd2 Be6 12. b4 $36 {[%mdl 2048] White has the initiative.} Nbd7 13. b5 Qc7 14. bxc6 bxc6 15. Qc2 d5 16. cxd5 cxd5 {With the idea ...d4.} 17. Rfc1 Rfc8 18. Qb2 {Hoping for Nxd5!} Rcb8 (18... Qb8 $11 19. Nb5 Rxc1+ 20. Rxc1 a4) 19. Nb5 $1 $16 Qb6 20. Rab1 $1 Ng4 21. Be1 $1 Bf6 (21... Qd8 $16 {was called for.}) 22. Qa2 (22. h3 $18) 22... Qd8 (22... e4 $16) 23. h3 $18 Nh6 24. Nc7 (24. Nd2 $1 $18 {is more deadly.}) 24... Rxb1 $16 25. Qxb1 Rb8 26. Qc2 Bg8 27. Bxa5 e4 28. Nd2 e3 ({Black should play} 28... Rc8 $14) 29. fxe3 Qe7 {[#] Black wants to play ...Ng4.} 30. Nf1 $1 ({Don't play} 30. Nxd5 $6 Bxd5 31. Bxd5 Qxe3+ 32. Kh1 Qxg3 $11) 30... Rb2 31. Qd1 Qxa3 {[#]} 32. Bd2 $1 Nb6 33. Qe1 (33. Rc6 $18) 33... Rb3 (33... Be5 $16) 34. Rc6 Qa2 35. Rxf6 gxf6 {[#]} 36. Qc1 {Played: Bd2-c3} 1-0

[Event "Eurasia Open Cup 2019"]
[Site "Ekaterinburg"]
[Date "2019.08.03"]
[Round "4.2"]
[White "Pridorozhni, Aleksei"]
[Black "Vokhidov, Shamsiddin"]
[Result "1-0"]
[WhiteElo "2586"]
[BlackElo "2515"]
[Annotator "ChessBase"]
[PlyCount "129"]
[EventDate "2019.07.31"]
[EventType "swiss"]
[EventCountry "RUS"]
[SourceTitle "playchess.com"]
[Source "ChessBase"]
[SourceQuality "1"]
[TimeControl "5400+30"]

1. e4 {[%emt 0:00:00]} c5 {[%emt 0:00:00]} 2. Nf3 {[%emt 0:00:00]} d6 {[%emt 0:00:41]} 3. d4 {[%emt 0:00:01]} cxd4 {[%emt 0:00:08]} 4. Nxd4 {[%emt 0:00:00]} Nf6 {[%emt 0:00:04]} 5. Nc3 {[%emt 0:00:00]} a6 {[%emt 0:00:11]} 6. Nb3 {[%emt 0:00:54]} Nc6 {[%emt 0:01:43]} 7. Be2 {[%emt 0:00:33]} e6 {[%emt 0:06:54]} 8. g4 {[%emt 0:02:36]} Be7 {[%emt 0:04:13]} 9. g5 {[%emt 0:02:02]} Nd7 {[%emt 0:00:13]} 10. h4 {[%emt 0:00:13]} b5 {[%emt 0:00:17]} 11. f4 {[%emt 0:01:16]} Bb7 {[%emt 0:03:29]} 12. Bf3 {[%emt 0:01:30]} b4 {[%emt 0:03:32]} 13. Ne2 {[%emt 0:00:16]} Nb6 {[%emt 0:02:33]} 14. Ned4 {[%emt 0:15:13]} Qc7 {[%emt 0:14:35]} 15. O-O {[%emt 0:28:36]} Nxd4 {[%emt 0:06:56]} 16. Nxd4 {[%emt 0:00:22]} Rc8 {[%emt 0:07:20]} 17. b3 {[%emt 0:05:00]} d5 {[%emt 0:05:47]} 18. e5 {[%emt 0:10:11]} Qc3 {[%emt 0:02:25]} 19. Rb1 {[%emt 0:00:06]} g6 {[%emt 0:02:06]} 20. Kg2 {[%emt 0:09:30]} Nd7 {[%emt 0:04:59]} 21. Bb2 {[%emt 0:02:05]} Qc7 {[%emt 0:01:10]} 22. Rc1 {[%emt 0:00:55]} Nc5 {[%emt 0:04:51]} 23. c3 {[%emt 0:01:05]} Qb6 {[%emt 0:02:46]} 24. cxb4 {[%emt 0:02:25]} Qxb4 {[%emt 0:00:06]} 25. a3 {[%emt 0:00:05]} Qb6 {[%emt 0:00:12]} 26. b4 {[%emt 0:00:10]} O-O {[%emt 0:04:46]} 27. h5 {[%emt 0:01:38]} Ne4 {[%emt 0:01:00]} 28. Rh1 {[%emt 0:03:27]} Rxc1 {[%emt 0:00:27]} 29. Qxc1 {[%emt 0:00:00]} Rc8 {[%emt 0:00:43]} 30. Qe1 {[%emt 0:00:00]} Bf8 {[%emt 0:00:20]} 31. Be2 {[%emt 0:06:21]} Rc4 {[%emt 0:03:43]} 32. Bxc4 {[%emt 0:01:32]} dxc4 {[%emt 0:00:00]} 33. Nf3 {[%emt 0:00:00]} c3 {[%emt 0:01:02]} 34. Bc1 {[%emt 0:00:00]} Qc6 {[%emt 0:03:19]} 35. Qe3 {[%emt 0:01:07]} Qc4 {[%emt 0:00:35]} 36. Rd1 {[%emt 0:01:35]} Qa2+ {[%emt 0:01:33]} 37. Kg1 {[%emt 0:00:28]} Ng3 {[%emt 0:02:47]} 38. h6 {[%emt 0:03:41]} Bd5 {[%emt 0:01:53]} 39. Re1 {[%emt 0:00:00]} Qc4 {[%emt 0:02:00]} 40. Nd4 {[%emt 0:01:01]} Ne4 {[%emt 0:00:43]} 41. Nc2 {[%emt 0:01:13]} Nxg5 {[%emt 0:00:44]} 42. Rd1 {[%emt 0:00:44]} Nf3+ {[%emt 0:00:18]} 43. Kf2 {[%emt 0:00:45]} Nh4 {[%emt 0:03:15]} 44. Rd3 {[%emt 0:00:12]} Nf5 {[%emt 0:00:48]} 45. Qh3 {[%emt 0:00:05]} Be4 {[%emt 0:00:38]} 46. Rxc3 {[%emt 0:00:06]} Qa2 {[%emt 0:00:06]} 47. Rc8 {[%emt 0:00:00]} Bxc2 {[%emt 0:00:58]} 48. Qc3 {[%emt 0:00:28]} Be4+ {[%emt 0:01:01]} 49. Ke1 {[%emt 0:00:00]} Ne7 {[%emt 0:00:47]} 50. Re8 {[%emt 0:02:03]} Qh2 {[%emt 0:01:15]} 51. f5 {[%emt 0:02:18]} Qg1+ {[%emt 0:00:44]} 52. Ke2 {[%emt 0:00:15]} Qg2+ {[%emt 0:00:05]} 53. Ke1 {[%emt 0:00:11]} Bf3 {[%emt 0:00:36]} 54. Qd3 {[%emt 0:00:18]} Qg3+ {[%emt 0:01:32]} 55. Kd2 {[%emt 0:01:49]} Qf2+ {[%emt 0:00:29]} 56. Kc3 {[%emt 0:00:07]} Qe1+ {[%emt 0:01:18]} 57. Kb2 {[%emt 0:01:03]} Bd5 {[%emt 0:00:49]} 58. f6 {[%emt 0:00:46]} Nc6 {[%emt 0:00:56]} 59. Qc3 {[%emt 0:00:29]} Qe2+ {[%emt 0:00:00]} 60. Bd2 {[%emt 0:00:05]} Bc4 {[%emt 0:00:37]} 61. Qe3 {[%emt 0:00:26]} Qd1 {[%emt 0:00:50]} 62. b5 {[%emt 0:00:44]} Bxb5 {[%emt 0:00:37]} 63. Bb4 {[%emt 0:00:26]} Nxb4 {[%emt 0:00:34]} 64. Rxf8+ {[%emt 0:00:06]} Kxf8 {[%emt 0:00:02]} 65. Qc5+ {[%emt 0:00:06]} 1-0

[Event "Eurasia Open Cup 2019"]
[Site "Ekaterinburg"]
[Date "2019.08.03"]
[Round "4.3"]
[White "Bocharov, Ivan"]
[Black "Gleizerov, Evgeny"]
[Result "1/2-1/2"]
[WhiteElo "2559"]
[BlackElo "2498"]
[Annotator "ChessBase"]
[PlyCount "88"]
[EventDate "2019.07.31"]
[EventType "swiss"]
[EventCountry "RUS"]
[SourceTitle "playchess.com"]
[Source "ChessBase"]
[SourceQuality "1"]
[TimeControl "5400+30"]

1. c4 {[%emt 0:00:00]} e5 {[%emt 0:00:00]} 2. d3 {[%emt 0:00:00]} Nc6 {[%emt 0:00:00]} 3. Nf3 {[%emt 0:00:00]} g6 {[%emt 0:00:27]} 4. Nc3 {[%emt 0:00:01]} Bg7 {[%emt 0:00:07]} 5. g3 {[%emt 0:01:02]} Nf6 {[%emt 0:01:34]} 6. Bg2 {[%emt 0:01:54]} O-O {[%emt 0:00:00]} 7. O-O {[%emt 0:00:18]} d6 {[%emt 0:00:00]} 8. Rb1 {[%emt 0:00:58]} a5 {[%emt 0:00:35]} 9. a3 {[%emt 0:00:43]} Re8 {[%emt 0:00:06]} 10. b4 {[%emt 0:01:31]} axb4 {[%emt 0:00:41]} 11. axb4 {[%emt 0:00:01]} e4 {[%emt 0:00:00]} 12. Ng5 {[%emt 0:12:46]} exd3 {[%emt 0:00:10]} 13. exd3 {[%emt 0:00:25]} Nd4 {[%emt 0:07:42]} 14. h3 {[%emt 0:03:55]} c6 {[%emt 0:04:17]} 15. b5 {[%emt 0:09:45]} d5 {[%emt 0:04:40]} 16. bxc6 {[%emt 0:04:23]} bxc6 {[%emt 0:00:25]} 17. cxd5 {[%emt 0:06:52]} Nxd5 {[%emt 0:02:15]} 18. Nge4 {[%emt 0:01:01]} Nxc3 {[%emt 0:07:09]} 19. Nxc3 {[%emt 0:00:02]} Ba6 {[%emt 0:02:38]} 20. Ne4 {[%emt 0:04:43]} Ne6 {[%emt 0:02:50]} 21. Bb2 {[%emt 0:08:59]} Bxd3 {[%emt 0:05:40]} 22. Nf6+ {[%emt 0:00:46]} Bxf6 {[%emt 0:00:28]} 23. Bxf6 {[%emt 0:00:02]} Qxf6 {[%emt 0:00:47]} 24. Qxd3 {[%emt 0:00:02]} Nd4 {[%emt 0:07:03]} 25. Qc4 {[%emt 0:03:56]} Nf3+ {[%emt 0:06:47]} 26. Bxf3 {[%emt 0:03:05]} Qxf3 {[%emt 0:00:15]} 27. Rb3 {[%emt 0:00:01]} Qf6 {[%emt 0:05:16]} 28. Kg2 {[%emt 0:01:57]} Re6 {[%emt 0:05:47]} 29. Rf3 {[%emt 0:00:38]} Qe5 {[%emt 0:01:59]} 30. Rd1 {[%emt 0:08:43]} Rf6 {[%emt 0:02:00]} 31. Rxf6 {[%emt 0:04:07]} Qxf6 {[%emt 0:00:39]} 32. Rc1 {[%emt 0:00:23]} Rc8 {[%emt 0:00:56]} 33. Qc5 {[%emt 0:00:14]} h5 {[%emt 0:00:00]} 34. h4 {[%emt 0:01:29]} Qe6 {[%emt 0:00:42]} 35. Kh2 {[%emt 0:01:57]} Qe4 {[%emt 0:01:05]} 36. Rc4 {[%emt 0:00:02]} Qe1 {[%emt 0:01:34]} 37. Rc1 {[%emt 0:00:02]} Qe2 {[%emt 0:00:53]} 38. Rc2 {[%emt 0:00:01]} Qf3 {[%emt 0:00:08]} 39. Rc3 {[%emt 0:00:02]} Qf6 {[%emt 0:00:00]} 40. Kg2 {[%emt 0:00:21]} Kg7 {[%emt 0:00:00]} 41. Rc2 {[%emt 0:00:31]} Qe6 {[%emt 0:02:19]} 42. Rc4 {[%emt 0:00:44]} Rc7 {[%emt 0:01:11]} 43. Rc1 {[%emt 0:03:17]} f6 {[%emt 0:01:12]} 44. Kh2 {[%emt 0:00:31]} Qe7 {[%emt 0:02:21]} 1/2-1/2

[Event "Eurasia Open Cup 2019"]
[Site "Ekaterinburg"]
[Date "2019.08.03"]
[Round "4.4"]
[White "Drygalov, Sergey"]
[Black "Zhigalko, Andrey"]
[Result "1-0"]
[WhiteElo "2492"]
[BlackElo "2549"]
[Annotator "ChessBase"]
[PlyCount "117"]
[EventDate "2019.07.31"]
[EventType "swiss"]
[EventCountry "RUS"]
[SourceTitle "playchess.com"]
[Source "ChessBase"]
[SourceQuality "1"]
[TimeControl "5400+30"]

1. e4 {[%emt 0:00:00]} e5 {[%emt 0:00:00]} 2. Nf3 {[%emt 0:00:00]} Nc6 {[%emt 0:00:03]} 3. Bb5 {[%emt 0:00:00]} g6 {[%emt 0:00:34]} 4. d4 {[%emt 0:02:07]} exd4 {[%emt 0:00:35]} 5. Bg5 {[%emt 0:00:06]} Be7 {[%emt 0:00:00]} 6. Bxe7 {[%emt 0:00:09]} Qxe7 {[%emt 0:00:04]} 7. Bxc6 {[%emt 0:00:06]} dxc6 {[%emt 0:00:09]} 8. Qxd4 {[%emt 0:00:05]} Nf6 {[%emt 0:00:10]} 9. Nc3 {[%emt 0:00:45]} Bg4 {[%emt 0:01:21]} 10. Nd2 {[%emt 0:08:46]} c5 {[%emt 0:00:28]} 11. Qe3 {[%emt 0:00:12]} O-O-O {[%emt 0:01:55]} 12. h3 {[%emt 0:00:44]} Bd7 {[%emt 0:18:45]} 13. O-O-O {[%emt 0:14:00]} Bc6 {[%emt 0:06:35]} 14. f3 {[%emt 0:06:33]} b6 {[%emt 0:14:45]} 15. Nc4 {[%emt 0:02:19]} Nh5 {[%emt 0:14:06]} 16. g4 {[%emt 0:07:23]} Ng7 {[%emt 0:08:01]} 17. f4 {[%emt 0:09:13]} Bb7 {[%emt 0:14:03]} 18. Rhe1 {[%emt 0:20:09]} Rhe8 {[%emt 0:01:11]} 19. Rxd8+ {[%emt 0:09:12]} Qxd8 {[%emt 0:04:02]} 20. Ne5 {[%emt 0:05:32]} Ne6 {[%emt 0:07:24]} 21. Nf3 {[%emt 0:04:02]} Qd6 {[%emt 0:03:08]} 22. e5 {[%emt 0:00:32]} Qc6 {[%emt 0:00:28]} 23. Nd2 {[%emt 0:01:30]} Nd4 {[%emt 0:01:31]} 24. Nde4 {[%emt 0:00:10]} Rd8 {[%emt 0:00:35]} 25. Rd1 {[%emt 0:01:50]} b5 {[%emt 0:00:21]} 26. b4 {[%emt 0:00:45]} cxb4 {[%emt 0:00:31]} 27. Rxd4 {[%emt 0:02:28]} Rxd4 {[%emt 0:00:53]} 28. Qxd4 {[%emt 0:00:09]} bxc3 {[%emt 0:01:14]} 29. Nxc3 {[%emt 0:00:05]} a5 {[%emt 0:00:03]} 30. a3 {[%emt 0:00:05]} Qh1+ {[%emt 0:00:58]} 31. Kb2 {[%emt 0:00:27]} Qxh3 {[%emt 0:00:35]} 32. Qc5 {[%emt 0:00:05]} Qh4 {[%emt 0:00:23]} 33. Nxb5 {[%emt 0:00:33]} Qd8 {[%emt 0:01:01]} 34. Nd6+ {[%emt 0:04:07]} Kb8 {[%emt 0:00:00]} 35. Nxf7 {[%emt 0:01:14]} Qd7 {[%emt 0:00:00]} 36. Nh6 {[%emt 0:00:13]} Be4 {[%emt 0:00:37]} 37. Qxa5 {[%emt 0:00:42]} Kc8 {[%emt 0:01:00]} 38. Qb4 {[%emt 0:00:49]} Qc6 {[%emt 0:00:30]} 39. Qf8+ {[%emt 0:00:11]} Kb7 {[%emt 0:00:14]} 40. Qb4+ {[%emt 0:00:25]} Kc8 {[%emt 0:00:08]} 41. Qb3 {[%emt 0:00:35]} Bd5 {[%emt 0:00:04]} 42. Qc3 {[%emt 0:00:33]} Qb5+ {[%emt 0:01:05]} 43. Qb4 {[%emt 0:00:12]} Qe2 {[%emt 0:00:52]} 44. Qc5 {[%emt 0:00:03]} c6 {[%emt 0:00:59]} 45. Ng8 {[%emt 0:00:52]} Qxg4 {[%emt 0:00:04]} 46. Ne7+ {[%emt 0:00:44]} Kb8 {[%emt 0:00:24]} 47. Qb6+ {[%emt 0:00:00]} Ka8 {[%emt 0:00:33]} 48. Qa5+ {[%emt 0:01:26]} Kb8 {[%emt 0:00:01]} 49. Qd8+ {[%emt 0:00:26]} Kb7 {[%emt 0:01:00]} 50. Nxd5 {[%emt 0:00:34]} cxd5 {[%emt 0:00:33]} 51. Qxd5+ {[%emt 0:00:34]} Ka7 {[%emt 0:00:34]} 52. Qc5+ {[%emt 0:00:03]} Kb7 {[%emt 0:00:28]} 53. Qe7+ {[%emt 0:00:11]} Kc8 {[%emt 0:00:23]} 54. Qf8+ {[%emt 0:00:06]} Kb7 {[%emt 0:00:36]} 55. Qf7+ {[%emt 0:00:11]} Kc8 {[%emt 0:00:56]} 56. Qg8+ {[%emt 0:00:37]} Kd7 {[%emt 0:00:36]} 57. Qxh7+ {[%emt 0:00:32]} Ke6 {[%emt 0:00:30]} 58. Qg8+ {[%emt 0:00:00]} Ke7 {[%emt 0:00:00]} 59. Qg7+ {[%emt 0:00:16]} 1-0